Score 0/15 Timer 05:00
0 Plays Today
% Correct
Dentists and toothache sufferers
88.7%
Maids and lost keys
87.5%
Comedians and actors
87.2%
Painters
85.6%
Undertakers, morticians, and pallbearers
85.5%
Unattractive people
84.6%
Astronauts and pilots
84.1%
Disappointing children
83.9%
% Correct
The Internet
82.4%
Spelunkers and speleologists
82.1%
Tourism
80.3%
Television
79.3%
Repentant murderers
74.9%
Postal workers
68.8%
Fireworks and artillery
59.3%
Remove Ads.
Support Sporcle.
Get the best of Sporcle when you Go Orange. This ad-free experience offers more features, more stats, and more fun while also helping to support Sporcle. Thank you for becoming a member.

You're not logged in!

Compare scores with friends on all Sporcle quizzes.
OR
Log In

Sporcle TV

Today on Sporcle TV


Watch our educational content, quiz creation guides, and fun videos on Sporcle TV.

Show Comments

Extras

Top Quizzes Today


Score Distribution

Paid Content

Your Account Isn't Verified!

In order to create a playlist on Sporcle, you need to verify the email address you used during registration. Go to your Sporcle Settings to finish the process.

Report this User

Report this user for behavior that violates our Community Guidelines.

Details: